000 00570nam a2200169 i 4500
001 136629
003 ES-MaACL
005 20230906195203.0
007 t|
008 070214s1918 sp r ||||1| spa d
100 1 _aSáez y Romero, Mariano.
_9101389
245 1 4 _aLas calles de Segovia :
_bnoticias, tradiciones y curiosidades /
_creunidas por Mariano Sáez y Romero.
260 _aSegovia :
_bAntonio San Martín,
_c1918.
300 _a222 p. ;
_c22 cm.
650 4 _aCalles-
_zSegovia.
_9172260
852 _aES-MaACL
_j1565-F-20
_z- Dedicatoria autógrafa del autor
999 _c136629
_d136629